00956cam a22002537a 4500003000500000005001700005008004100022010001000063011001000073035001000083040000900093100003100102245021200133260003900345300002200384502009500406650002200501650003200523650003700555650003000592650003700622650002400659650001900683CHAP20250926062750.0971013s1977 r 00010 d a41987 a42959 a47089 cCHAP00aEscobedo Salgado, Eduardo. 0aFertilización nitrogenada y la fecha de corte para la producción de forraje en una pradera bajo riego de Rhodes (Chloris gayana Kunth) Bermuda NK-37 (Cynodon dactylen L.) y sorgo negro (Sorghum almum P.) aMonterre, N. L. :bEl autor,c1977 a56 h.b; gráfs. aTesis (Ing. Agr. Zootecnista) -- ITESM. División de Ciencias Agropecuarias y Marítimas14aCynodon dactylon.14aFertilizantes nitrogenados.14aFertilizantesxEfecto en pastos.14aPastizalesxIrrigación.17aPastos forrajerosxRendimiento214aSorgo como forraje.14aZacate Rhodes.